Music Quiz

Random Music or Lyrics Quiz

Figure the lyrics II Quiz Stats

Quiz not verified by Sporcle

Challenge
Share
Tweet
Embed
Score 0/177 Timer 10:00
0 Plays Today
Lyric % Correct
the
97.4%
the
97.4%
the
97.4%
the
97.4%
and
97.4%
And
97.4%
and
97.4%
and
97.4%
and
97.4%
and
97.4%
and
97.4%
And
97.4%
and
97.4%
and
97.4%
and
97.4%
and
97.4%
you.
93%
you.
92.4%
you,
92.4%
you.
92.4%
You
92.4%
you,
92.4%
you.
92.4%
you.
92.4%
you
92.4%
you
92.4%
you
92.4%
you
92.4%
you
92.4%
you
92.4%
you.
92.4%
you
92.4%
you
92.4%
you
92.4%
you
92.4%
you,
92.4%
you.
92.4%
you,
92.4%
you.
92.4%
you.
92.4%
in
78.1%
in
77.9%
me
76.1%
we
71.6%
to
71.4%
to
71.4%
it
68.4%
your
67.6%
your
67.6%
and
65.4%
a
65.4%
and
65.4%
you.
64%
for
63.2%
you
62.6%
you.
62.6%
for
59.2%
are
56.7%
My
56.5%
Lyric % Correct
my
56.5%
can't
56.3%
can't
56.3%
can't
56.3%
See
56.1%
see
56.1%
With
54.3%
with
54.3%
With
54.3%
with
54.3%
with
54.3%
with
54.3%
With
54.3%
with
54.3%
with
54.3%
With
54.3%
with
54.3%
with
54.3%
With
54.3%
or
52.9%
or
52.9%
or
52.9%
or
52.9%
or
52.9%
or
52.9%
or
52.9%
or
52.9%
or
52.9%
or
52.9%
or
52.9%
or
52.9%
on
48.5%
live,
47.7%
live,
47.7%
live
47.7%
all
47.5%
eyes,
46.7%
I'm
45.9%
without
45.1%
without
45.1%
without
45.1%
without
45.1%
without
45.1%
without
45.1%
without
45.1%
without
45.1%
without
45.1%
without
45.1%
without
45.1%
without
45.1%
of
45.1%
of
45.1%
of
45.1%
I
42.7%
I
42.7%
I
42.7%
I
42.7%
I
40.4%
but
40.2%
Lyric % Correct
give
39.4%
give
39.4%
give,
39.4%
give,
39.4%
give
39.4%
give
39.4%
give
39.4%
give,
39.4%
give,
39.4%
give
39.4%
she
39.4%
want
39%
away,
36.4%
away,
36.4%
away.
36.4%
away,
36.4%
away,
36.4%
away.
36.4%
wait
34.6%
yourself
31%
yourself
31%
yourself
31%
got
31%
yourself
31%
yourself
31%
yourself
31%
without
31%
I
27.2%
more,
25.6%
wait,
23.5%
wait,
23.5%
twist
23.1%
side.
22.1%
nothing
22.1%
nothing
22.1%
left
21.1%
set
20.7%
thorn
20.3%
hand
19.7%
lose.
19.5%
gave
18.9%
storm,
18.3%
Through
17.7%
stone
16.9%
hands
16.7%
win
16.7%
makes
16.1%
twist
16.1%
waiting
15.9%
bed
15.9%
fate,
15.7%
body
15.1%
nails
15.1%
She's
14.9%
reach
13.7%
shore.
13.7%
tied,
12.9%
Sleight
11.9%
bruised.
10.3%

You're not logged in!

Compare scores with friends on all Sporcle quizzes.
Sign Up with Email
OR
Log In

You Might Also Like...

Show Comments

Extras

Top Quizzes Today


Score Distribution

Your Account Isn't Verified!

In order to create a playlist on Sporcle, you need to verify the email address you used during registration. Go to your Sporcle Settings to finish the process.